000 00954nam a2200241 a 4500
001 49521
003 BD-RjUL
005 20211209054706.0
008 160821s1983 bg ||||| |||| 00| f ben d
020 _c: Tk. 16.00
035 _a(BD-RjUL) 49640
040 _aBD-RjUL
_bben
_cBD-RjUL
041 _aben
082 _223
_a891.44309
_bCHB 1983
100 1 _aচৌধুরী, সিরাজুল ইসলাম
_9148560
245 1 0 _aবঙ্কিমচন্দ্রের জমিদার ও কৃষক /
_cসিরাজুল ইসলাম চৌধুরী
250 _a২য় সং.
260 _aঢাকা :
_bধানশীষ প্রকাশনী,
_c১৯৮৩
300 _a৮০ পৃ. ;
_c২১ সেমি.
650 _aবাংলা উপন্যাস
_xইতিহাস ও সমালোচনা
_9120092
650 _aBengali Fiction
_xHistory and Criticism
_9118845
942 _2ddc
_cBK
999 _c49521
_d49521